Integrovaný informačný systém sociálneho zabezpečenia v rezorte MO SR

Návrh informačného systému, ktorý zohľadňuje špecifiká sociálneho zabezpečenia v rezorte MO SR a zároveň tvorí súčasť distribuovaného informačného systému štátnej správy. Základom a východiskom IS budú kritériá a vstupy, ktoré požaduje legislatívny rámec daný zákonom NR SR č. 114/1998 o sociálnom za...

Descrizione completa

Salvato in:
Dettagli Bibliografici
Autore principale: Tarcsi, Gustáv
Natura: Capitolo di libro
Lingua:slovacco
Soggetti:
Tags: Aggiungi Tag
Nessun Tag, puoi essere il primo ad aggiungerne!!

MARC

LEADER 00000naa$a2200000$$$4500
001 0018977
005 20221207121829.5
041 0 |a slo 
044 |a SK 
245 1 0 |a Integrovaný informačný systém sociálneho zabezpečenia v rezorte MO SR  |c Gustáv Tarcsi 
520 |a Návrh informačného systému, ktorý zohľadňuje špecifiká sociálneho zabezpečenia v rezorte MO SR a zároveň tvorí súčasť distribuovaného informačného systému štátnej správy. Základom a východiskom IS budú kritériá a vstupy, ktoré požaduje legislatívny rámec daný zákonom NR SR č. 114/1998 o sociálnom zabezpečení vojakov v znení neskorších predpisov. Prostredie a problematika IS. Základné pojmy a štruktúra IS. Informačné potreby a požiadavky na IS. 
610 2 0 |a ministerstvá 
610 2 0 |a vojenstvo 
610 2 0 |a správa štátna 
610 2 0 |a zabezpečenie sociálne 
610 2 0 |a systémy informačné integrované 
100 1 |a Tarcsi, Gustáv